| 000 | 00426nam a22001697a 4500 | ||
|---|---|---|---|
| 003 | NUST - PNEC | ||
| 005 | 20170116181054.0 | ||
| 008 | 150930b xxu||||| |||| 00| 0 eng d | ||
| 020 | _a- | ||
| 040 | _cLIBRARY | ||
| 082 | _a813.52 HEM | ||
| 100 |
_911982 _aHemingway, Ernest |
||
| 245 |
_aThe old man and the sea _cErnest Hemingway |
||
| 260 |
_aU.S.A. _cc1952. |
||
| 650 |
_911989 _aSea stories _xGeneral |
||
| 942 |
_2ddc _cBK |
||
| 999 |
_c68483 _d68483 |
||